000 00509nam a2200157Ia 4500
008 220531s9999 xx 000 0 und d
041 _amar
100 _aदेहदराय आणि तांबे अनघा
_955501
245 _aस्त्रियांच्‍या चळवळी आणि संघटना
260 _bSavitribai Phule Aabhyas Kendra
_c2009
300 _a58
542 _d04-03-2010
650 _aSociology
_955502
906 _d2009-2010
999 _c32053
_d32053